<?xml version="1.0" encoding="UTF-8"?>
<record
    xmlns:xsi="http://www.w3.org/2001/XMLSchema-instance"
    xsi:schemaLocation="http://www.loc.gov/MARC21/slim http://www.loc.gov/standards/marcxml/schema/MARC21slim.xsd"
    xmlns="http://www.loc.gov/MARC21/slim">

  <leader>04054nam a22004817i 4500</leader>
  <controlfield tag="001">B-11758</controlfield>
  <controlfield tag="003">CO-BoFNCP</controlfield>
  <controlfield tag="007">t|| </controlfield>
  <controlfield tag="008">090305s2008    ck     r           spa d </controlfield>
  <datafield tag="040" ind1=" " ind2=" ">
    <subfield code="a">CO-BoFNCP</subfield>
    <subfield code="b">spa</subfield>
    <subfield code="c">CO-BoFNCP</subfield>
    <subfield code="e">rda</subfield>
  </datafield>
  <datafield tag="041" ind1=" " ind2=" ">
    <subfield code="a">spa</subfield>
  </datafield>
  <datafield tag="043" ind1=" " ind2=" ">
    <subfield code="a">ck</subfield>
  </datafield>
  <datafield tag="084" ind1=" " ind2=" ">
    <subfield code="a">A-</subfield>
  </datafield>
  <datafield tag="100" ind1="1" ind2=" ">
    <subfield code="a">Acero R., Julia R.,</subfield>
    <subfield code="e">autor.</subfield>
    <subfield code="4">aut</subfield>
    <subfield code="9">41338</subfield>
  </datafield>
  <datafield tag="245" ind1="0" ind2="0">
    <subfield code="a">Pruebas de larga duraci&#xF3;n con biodi&#xE9;sel de palma en una flota de servicio p&#xFA;blico en Bogot&#xE1;.</subfield>
  </datafield>
  <datafield tag="246" ind1="2" ind2=" ">
    <subfield code="a">Palm biodiesel in Bogota's public bus fleet: a long term study</subfield>
  </datafield>
  <datafield tag="264" ind1=" " ind2="4">
    <subfield code="c">&#xA9;2008</subfield>
  </datafield>
  <datafield tag="300" ind1=" " ind2=" ">
    <subfield code="a">p&#xE1;ginas 11-20 :</subfield>
    <subfield code="b">Tablas, gr&#xE1;ficos, fotograf&#xED;as.</subfield>
  </datafield>
  <datafield tag="336" ind1=" " ind2=" ">
    <subfield code="a">texto</subfield>
    <subfield code="b">txt</subfield>
    <subfield code="2">rdacontent</subfield>
  </datafield>
  <datafield tag="337" ind1=" " ind2=" ">
    <subfield code="a">sin mediaci&#xF3;n</subfield>
    <subfield code="b">n</subfield>
    <subfield code="2">rdamedia</subfield>
  </datafield>
  <datafield tag="338" ind1=" " ind2=" ">
    <subfield code="a">volumen</subfield>
    <subfield code="b">nc</subfield>
    <subfield code="2">rdacarrier</subfield>
  </datafield>
  <datafield tag="500" ind1=" " ind2=" ">
    <subfield code="a">Contiene resumen en espa&#xF1;ol e ingl&#xE9;s.</subfield>
  </datafield>
  <datafield tag="504" ind1=" " ind2=" ">
    <subfield code="a">Incluye 10 referencias bibliogr&#xE1;ficas.</subfield>
  </datafield>
  <datafield tag="520" ind1=" " ind2=" ">
    <subfield code="a">A long-term test (100,000 km) was carried out in order to evaluate the performance of five (5) blends of diesel and palm biodiesel (B5, B10, B20, B30 and B50) compared to fossil diesel (B0) . The tests used several buses of the mass transport system in the city of Bogota operating under normal conditions at 2600 meters above sea level and an average temperature of 14C. The results showed that the performance and fuel consumption of the buses using the biodiesel blends were very similar to those of the buses using only diesel fuel (the control buses). The vehicles' opacity was measured every 10,000 km and the results showed that the buses using diesel- biodiesel blends had lower opacity values than the buses using fossil diesel fuel. This was confirmed by the results of the on-road emissions test which showed reduction in CO2 and particulate matter emissions. Mechanical inspections of the injection systems of the vehicles were performed every 50,000 km and showed that there were no anomalies and the wear-out of the different components was similar for all the tested vehicles. It was also found that packaging and o-rings of all vehicles were in good condition.</subfield>
  </datafield>
  <datafield tag="520" ind1=" " ind2=" ">
    <subfield code="a">Se llev&#xF3; a cabo una prueba de larga duraci&#xF3;n (100.000 km/bus) para evaluar el desempe&#xF1;o de cinco (5) mezclas de di&#xE9;sel-biodi&#xE9;sel de palma (B5, B10, B20, B30 y B50) con di&#xE9;sel f&#xF3;sil (B0), bajo condiciones normales de operaci&#xF3;n de buses articulados del sistema de transporte masivo de Bogot&#xE1;, a una altura de 2600 metros sobre el nivel del mar y a una temperatura promedio de 14C. Los resultados obtenidos mostraron que el desempe&#xF1;o y consumo de combustible de los buses que utilizaron las mezclas di&#xE9;sel-biodi&#xE9;sel es muy similar al de los buses que utilizaron di&#xE9;sel f&#xF3;sil. La opacidad de los veh&#xED;culos, evaluada cada 10.000 km, mostr&#xF3; que los buses que utilizan mezclas con biodi&#xE9;sel de palma presentan menores valores de opacidad que los que operaron con di&#xE9;sel. Lo anterior se corrobor&#xF3; con los resultados de las pruebas de emisiones en ruta, que mostraron reducciones en las emisiones de CO2 y material part&#xED;culado. Inspecciones mec&#xE1;nicas realizadas a los sistemas de inyecci&#xF3;n de los buses cada 50.000 km mostraron que no se presentan irregularidades y que el desgaste fue similar para todos los veh&#xED;culos evaluados. Adicionalmente se encontr&#xF3; que los empaques y sellos (o-rings) de todos los veh&#xED;culos se encontraban en buenas condiciones.</subfield>
  </datafield>
  <datafield tag="650" ind1=" " ind2="0">
    <subfield code="a">Aceite de palma</subfield>
    <subfield code="9">29635.</subfield>
  </datafield>
  <datafield tag="650" ind1=" " ind2="0">
    <subfield code="a">Biocombustibles</subfield>
    <subfield code="9">29861.</subfield>
  </datafield>
  <datafield tag="650" ind1=" " ind2="0">
    <subfield code="a">Emisiones de gas</subfield>
    <subfield code="9">32002.</subfield>
  </datafield>
  <datafield tag="650" ind1=" " ind2="0">
    <subfield code="a">Energ&#xED;a limpia</subfield>
    <subfield code="9">32044.</subfield>
  </datafield>
  <datafield tag="650" ind1=" " ind2="0">
    <subfield code="a">Prueba de larga duraci&#xF3;n</subfield>
    <subfield code="9">35079.</subfield>
  </datafield>
  <datafield tag="700" ind1="1" ind2=" ">
    <subfield code="a">Amado D., Mar&#xED;a A.</subfield>
    <subfield code="9">41339.</subfield>
  </datafield>
  <datafield tag="700" ind1="1" ind2=" ">
    <subfield code="a">Cabuya, Daniel</subfield>
    <subfield code="9">41340.</subfield>
  </datafield>
  <datafield tag="700" ind1="1" ind2=" ">
    <subfield code="a">Carranza S., Ronald</subfield>
    <subfield code="9">41341.</subfield>
  </datafield>
  <datafield tag="700" ind1="1" ind2=" ">
    <subfield code="a">Cu&#xE9;llar S., M&#xF3;nica</subfield>
    <subfield code="9">39110.</subfield>
  </datafield>
  <datafield tag="700" ind1="1" ind2=" ">
    <subfield code="a">Garc&#xED;a N., Jes&#xFA;s A.</subfield>
    <subfield code="9">37117.</subfield>
  </datafield>
  <datafield tag="700" ind1="1" ind2=" ">
    <subfield code="a">Rinc&#xF3;n, &#xD3;scar</subfield>
    <subfield code="9">41342.</subfield>
  </datafield>
  <datafield tag="700" ind1="1" ind2=" ">
    <subfield code="a">Sarmiento, Jos&#xE9; A.</subfield>
    <subfield code="9">41343.</subfield>
  </datafield>
  <datafield tag="700" ind1="1" ind2=" ">
    <subfield code="a">Sarmiento, Jos&#xE9; L.</subfield>
    <subfield code="9">41344.</subfield>
  </datafield>
  <datafield tag="700" ind1="1" ind2=" ">
    <subfield code="a">Torres N., Jaime A.</subfield>
    <subfield code="9">41345.</subfield>
  </datafield>
  <datafield tag="773" ind1="0" ind2=" ">
    <subfield code="a">Palmas (Colombia)</subfield>
    <subfield code="g">v. 29, no. 4 (2008), p.11-20</subfield>
    <subfield code="w">A-</subfield>
    <subfield code="x">0121-2923</subfield>
  </datafield>
  <datafield tag="942" ind1=" " ind2=" ">
    <subfield code="2">z</subfield>
    <subfield code="c">1</subfield>
  </datafield>
  <datafield tag="952" ind1=" " ind2=" ">
    <subfield code="0">0</subfield>
    <subfield code="1">0</subfield>
    <subfield code="2">z</subfield>
    <subfield code="4">0</subfield>
    <subfield code="7">0</subfield>
    <subfield code="a">2</subfield>
    <subfield code="b">2</subfield>
    <subfield code="d">2013-10-21</subfield>
    <subfield code="l">0</subfield>
    <subfield code="o">A-</subfield>
    <subfield code="p">R-11758</subfield>
    <subfield code="r">2013-10-21 00:00:00</subfield>
    <subfield code="t">Ej. 1</subfield>
    <subfield code="w">2013-10-21</subfield>
    <subfield code="y">1</subfield>
  </datafield>
  <datafield tag="999" ind1=" " ind2=" ">
    <subfield code="c">26523</subfield>
    <subfield code="d">26523</subfield>
  </datafield>
</record>
